U.S States with The Most Airports - Statistics

General Stats
  • This quiz has been taken 226 times
  • The average score is 8 of 10
Answer Stats
# State % Correct
139 California
100%
69 Texas
99%
59 Florida
98%
52 New York
98%
352 Alaska
93%
66 Washington
84%
57 Pennsylvania
77%
46 Michigan
73%
75 Ohio
72%
73 Kansas
38%
No matching quizzes found
Score Distribution
Percent of People with Each Score
Percentile by Number Answered
Your Score History
You have not taken this quiz